| 000 | 00608nam a22002057a 4500 | ||
|---|---|---|---|
| 999 |
_c57462 _d57462 |
||
| 005 | 20221105201537.0 | ||
| 008 | 200624s2019 eng||||| |||| 00| 0 eng d | ||
| 020 | _a9788131252994 1 | ||
| 041 | _aeng | ||
| 080 | _a612 K-42 | ||
| 100 |
_aKhurana, Indu _98729 |
||
| 245 | _aConcise Textbook of Human Physiology | ||
| 250 | _a3rd edition | ||
| 264 |
_aEdinburg : _bElsevier, _c2019 |
||
| 300 |
_a499 p. _b30 cm. |
||
| 653 | _aმედიცინა | ||
| 653 | _aადამიანის ფიზიოლოგია | ||
| 700 |
_aKhurana, Arushi _eავტორი _98730 |
||
| 942 |
_2udc _cBK |
||